00329nam a2200121Ia 4500008004100000020001800041041000800059082002600067100001700093245006200110260002600172300000900198230411s9999 xx 000 0 und d a0-7499-1031-3 aeng aOG/618.178/JON/B04040 aJones Maggie aInfertility : Modern treatments and the issues they raise bPiatkusaLondonc1989 a144p